MAASAI MARA UNIVERSITY

LIBRARY CATALOGUE

Contact Us: +254 020 2685356/7 or 0774 057787

Box: 861-20500, NAROK, KENYA

Email: info@mmarau.ac.ke

Cultural transformation and human rights in Africa / (Record no. 18304)

MARC details
000 -LEADER
fixed length control field 01449nam a22003737a 4500
001 - CONTROL NUMBER
control field 12980454
003 - CONTROL NUMBER IDENTIFIER
control field OSt
005 - DATE AND TIME OF LATEST TRANSACTION
control field 20210310152359.0
008 - FIXED-LENGTH DATA ELEMENTS--GENERAL INFORMATION
fixed length control field 160715b xxu||||| |||| 00| 0 eng d
010 ## - LIBRARY OF CONGRESS CONTROL NUMBER
LC control number 2002726605
Canceled/invalid LC control number 2002726617
015 ## - NATIONAL BIBLIOGRAPHY NUMBER
National bibliography number GBA2-60736
020 ## - INTERNATIONAL STANDARD BOOK NUMBER
International Standard Book Number 184277090X (cased)
020 ## - INTERNATIONAL STANDARD BOOK NUMBER
International Standard Book Number 1842770918 (limp)
035 ## - SYSTEM CONTROL NUMBER
System control number (OCoLC)ocm50615276
040 ## - CATALOGING SOURCE
Original cataloging agency MMU
Transcribing agency MMU
Modifying agency MMU
Language of cataloging eng
042 ## - AUTHENTICATION CODE
Authentication code lccopycat
043 ## - GEOGRAPHIC AREA CODE
Geographic area code f------
050 00 - LIBRARY OF CONGRESS CALL NUMBER
Classification number KQC572
Item number .C85 2002
082 04 - DEWEY DECIMAL CLASSIFICATION NUMBER
Classification number 323.096
Edition number 21
100 ## - MAIN ENTRY--PERSONAL NAME
Personal name Abdullahi A. An-Na'im.
245 00 - TITLE STATEMENT
Title Cultural transformation and human rights in Africa /
Statement of responsibility, etc. edited by Abdullahi A. An-Na'im.
260 ## - PUBLICATION, DISTRIBUTION, ETC. (IMPRINT)
Place of publication, distribution, etc. London ;
-- New York :
Name of publisher, distributor, etc. Zed Books ;
Place of publication, distribution, etc. New York :
Name of publisher, distributor, etc. Distributed in the USA by Palgrave,
Date of publication, distribution, etc. c2002.
300 ## - PHYSICAL DESCRIPTION
Extent x, 269 p. ;
Dimensions 24 cm.
504 ## - BIBLIOGRAPHY, ETC. NOTE
Bibliography, etc Includes bibliographical references and index.
650 #0 - SUBJECT ADDED ENTRY--TOPICAL TERM
Topical term or geographic name as entry element Human rights
Geographic subdivision Africa.
651 #0 - SUBJECT ADDED ENTRY--GEOGRAPHIC NAME
Geographic name Africa
General subdivision Social life and customs.
700 1# - ADDED ENTRY--PERSONAL NAME
Personal name Naʻīm, ʻAbd Allāh Aḥmad,
Dates associated with a name 1946-
856 42 - ELECTRONIC LOCATION AND ACCESS
Materials specified Contributor biographical information
Uniform Resource Identifier <a href="http://www.loc.gov/catdir/bios/hol051/2002726605.html">http://www.loc.gov/catdir/bios/hol051/2002726605.html</a>
856 41 - ELECTRONIC LOCATION AND ACCESS
Materials specified Table of contents
Uniform Resource Identifier <a href="http://www.loc.gov/catdir/toc/hol031/2002726605.html">http://www.loc.gov/catdir/toc/hol031/2002726605.html</a>
856 42 - ELECTRONIC LOCATION AND ACCESS
Materials specified Publisher description
Uniform Resource Identifier <a href="http://www.loc.gov/catdir/description/hol031/2002726605.html">http://www.loc.gov/catdir/description/hol031/2002726605.html</a>
906 ## - LOCAL DATA ELEMENT F, LDF (RLIN)
a 7
b cbc
c copycat
d 2
e ncip
f 20
g y-gencatlg
942 ## - ADDED ENTRY ELEMENTS (KOHA)
Source of classification or shelving scheme Library of Congress Classification
Koha item type SL
Holdings
Withdrawn status Lost status Source of classification or shelving scheme Damaged status Not for loan Home library Current library Date acquired Source of acquisition Total Checkouts Full call number Barcode Date last seen Price effective from Koha item type
    Library of Congress Classification     Maasai Mara University Library -Main Campus Maasai Mara University Library -Main Campus 07/15/2016 Donation   KQC572.C852002 20104451 07/15/2016 07/15/2016 SL
© 2016 Maasai Mara University.